[Event "Pan American-ch Seniors 65"]
[Site "Sao Paulo"]
[Date "2014.12.21"]
[Round "7"]
[White "Castellar, Juarez Iorio"]
[Black "Lucena, Lincoln"]
[Result "0-1"]
[WhiteElo "1550"]
[BlackElo "2146"]
[PlyCount "56"]
[EventDate "2014.12.17"]
[EventType "swiss"]
[EventRounds "7"]
[EventCountry "BRA"]
[SourceTitle "CBM 164 Extra"]
[Source "ChessBase"]
[SourceDate "2015.03.02"]
[SourceVersion "1"]
[SourceVersionDate "2015.03.02"]
[SourceQuality "1"]

1. e4 c5 2. Nf3 e6 3. d4 cxd4 4. Nxd4 Nf6 5. Nc3 Nc6 6. Nxc6 bxc6 7. Bc4 d5 8. exd5 exd5 9. Qe2+ Be7 10. Bd3 0-0 11. 0-0 Re8 12. h3 Rb8 13. Rb1 Bb4 14. Qd2 d4 15. a3 Bxc3 16. Qg5 Be6 17. Bf4 Rxb2 18. Rbc1 Nd5 19. Qh5 g6 20. Qh6 Nxf4 21. Qxf4 Bd5 22. Rb1 Qb8 23. Qxb8 Rexb8 24. Rxb2 Rxb2 25. f4 c5 26. Rf2 c4 27. Bf1 d3 28. cxd3 Bd4 0-1

[Event "Pan American-ch Seniors 65"]
[Site "Sao Paulo"]
[Date "2014.12.17"]
[Round "1"]
[White "Van Riemsdijk, Dirk Dagobert"]
[Black "Castellar, Juarez Iorio"]
[Result "1-0"]
[WhiteElo "2095"]
[BlackElo "1550"]
[PlyCount "81"]
[EventDate "2014.12.17"]
[EventType "swiss"]
[EventRounds "7"]
[EventCountry "BRA"]
[SourceTitle "CBM 164 Extra"]
[Source "ChessBase"]
[SourceDate "2015.03.02"]
[SourceVersion "1"]
[SourceVersionDate "2015.03.02"]
[SourceQuality "1"]

1. e4 d6 2. d4 Nf6 3. Nc3 g6 4. Be2 Bg7 5. h4 a6 6. h5 Nc6 7. h6 Bf8 8. Bg5 e5 9. Nf3 Be7 10. dxe5 dxe5 11. Qxd8+ Bxd8 12. 0-0-0 Bg4 13. Rxd8+ Rxd8 14. Bxf6 0-0 15. Nd5 Rd7 16. Bg7 f5 17. Bc4 Rxg7 18. hxg7 Kxg7 19. Ng5 Rh8 20. f3 b5 21. fxg4 bxc4 22. gxf5 gxf5 23. exf5 Nd8 24. Ne4 c6 25. Ne3 Rf8 26. Rd1 Nf7 27. Nxc4 Rd8 28. Rxd8 Nxd8 29. Nxe5 h6 30. g4 a5 31. Kd2 a4 32. Ke3 Nf7 33. Kf4 c5 34. f6+ Kf8 35. Kf5 c4 36. c3 Nd8 37. Nd6 Kg8 38. Nd7 Nf7 39. Nxf7 Kxf7 40. Ne5+ Kf8 41. Ke6 1-0